000
00292nam a2200133Ia 4500
005
20260326235442.0
008
260326s9999||||xx |||||||||||||| ||und||
100
_a
Frings, Paul
245
0
_a
Paracuaria /
_c
Paul Frings
260
_b
Elnain
300
_a
132 p.
650
_a
ARTE
942
_c
BK
999
_c
7439
_d
7439